<?xml version="1.0" encoding="UTF-8"?>
<record
    xmlns:xsi="http://www.w3.org/2001/XMLSchema-instance"
    xsi:schemaLocation="http://www.loc.gov/MARC21/slim http://www.loc.gov/standards/marcxml/schema/MARC21slim.xsd"
    xmlns="http://www.loc.gov/MARC21/slim">

  <leader>02480agaaa2200349   4500</leader>
  <controlfield tag="001">7469</controlfield>
  <controlfield tag="003">IT-RoPAU</controlfield>
  <controlfield tag="005">20220918181246.0</controlfield>
  <controlfield tag="007">d cvaizq</controlfield>
  <controlfield tag="008">50131s9999||||xx ||| |     ||   ||und||</controlfield>
  <datafield tag="040" ind1=" " ind2=" ">
    <subfield code="a">IT-RoPAU</subfield>
    <subfield code="c">IT-RoPAU</subfield>
  </datafield>
  <datafield tag="041" ind1=" " ind2=" ">
    <subfield code="a">ITALIANO</subfield>
  </datafield>
  <datafield tag="100" ind1=" " ind2=" ">
    <subfield code="a">Wenders Wim</subfield>
    <subfield code="g">Codice regista SPICS: 499</subfield>
    <subfield code="9">47208</subfield>
  </datafield>
  <datafield tag="130" ind1=" " ind2=" ">
    <subfield code="a">FINO ALLA FINE DEL MONDO</subfield>
    <subfield code="9">47209</subfield>
  </datafield>
  <datafield tag="240" ind1=" " ind2=" ">
    <subfield code="a">BIS ANS ENDE DER WELT</subfield>
    <subfield code="g">T2399</subfield>
  </datafield>
  <datafield tag="245" ind1=" " ind2=" ">
    <subfield code="a">FINO ALLA FINE DEL MONDO</subfield>
    <subfield code="c">Sceneggiatura: Carey Peter Wenders Wim -- Diretto da: Wenders Wim</subfield>
    <subfield code="p">FINO ALLA FINE DEL MONDO (Rif. Codice opera principale : A7469)</subfield>
  </datafield>
  <datafield tag="246" ind1=" " ind2=" ">
    <subfield code="a">BIS ANS ENDE DER WELT</subfield>
  </datafield>
  <datafield tag="250" ind1=" " ind2=" ">
    <subfield code="a">Edizione Standard</subfield>
  </datafield>
  <datafield tag="260" ind1=" " ind2=" ">
    <subfield code="a">PARIGI - BERLINO (GERMANIA - FRANCI)</subfield>
    <subfield code="b">ARGOS FILMS - ROAD MOVIES / </subfield>
    <subfield code="g">"1991 (1&#xB0; ed.: 1992 ; Ed. Lingua Orig.: 1991)"</subfield>
  </datafield>
  <datafield tag="300" ind1=" " ind2=" ">
    <subfield code="a">VHS</subfield>
    <subfield code="b">sonoro, col.</subfield>
    <subfield code="c">158 minuti</subfield>
  </datafield>
  <datafield tag="508" ind1=" " ind2=" ">
    <subfield code="a">"Fotografia: Muller Bobby; Montaggio: Przygodda Peter; Musica: Revell Graeme; Sceneggiatura: Carey Peter Wenders Wim; Scenografia: Flamand Thierry; Soggetto: Wenders Wim -- Dommartin Solveig"</subfield>
  </datafield>
  <datafield tag="511" ind1=" " ind2=" ">
    <subfield code="a">"Dommartin Solveig; Hurt William; Neill Sam; Vogler Rudiger; Moreau Jeanne; Von; Sydow "</subfield>
  </datafield>
  <datafield tag="520" ind1=" " ind2=" ">
    <subfield code="a">SIAMO ALLA CONCLUSIONE DEL 1999 UN SATELLITE CON ARMAMENTO ATOMICO RISCHIADI CADERE SENZA PIU' CONTROLLO SULLA TERRA CLAIRE DECIDE DI TORNARE A PARIGI NEL CORSO DEL VIAGGIO SU UNA STRADA DEL SUD DELLA FRANCIA HA UN INCIDENTE CON L'AUTO DI DUE RAPINATORI. I DUE LE AFFIDANO LA VALIGIA COI SOLDIDA PORTARE A PARIGI. FA POI CONOSCENZA CON UN PERSONAGGIO MISTERIOSO TREVOR BRACCATO DA UN KILLER. DA QUESTO MOMENTO HA INIZIO UN LUNGO INSEGUIMENTO ATTRAVERSO NOVE NAZIONI. TREVOR IN REALTA' SI CHIAMA SAM E STA GIRANDO IL MONDO PER REGISTRARE CON UNA TELECAMERA RIVOLUZIONARIA IMMAGINI ELETTRONICHE DEI PARENTI IL TERMINE DEL SUO VIAGGIO E' L'AUSTRALIA DOVE L'ATTENDONO IN UN LABORATORIO NASCOSTO NEL DESERTO I GENITORI. IL PADRE E' L'INVENTORE DELLA TELECAMERA CON CUI HA INTENZIONE DI FAR RIVEDERE LE IMMAGINI DEL MONDO ALLA MADRE CIECA DALL'INFANZIA....</subfield>
  </datafield>
  <datafield tag="538" ind1=" " ind2=" ">
    <subfield code="a">PAL, STEREO</subfield>
  </datafield>
  <datafield tag="546" ind1=" " ind2=" ">
    <subfield code="a">ITALIANO</subfield>
  </datafield>
  <datafield tag="650" ind1=" " ind2=" ">
    <subfield code="a">DRAMMATICO</subfield>
    <subfield code="e">FILMS [VHS]</subfield>
    <subfield code="x">Codice MATERIA SPICS: 9960</subfield>
    <subfield code="9">34083</subfield>
  </datafield>
  <datafield tag="700" ind1=" " ind2=" ">
    <subfield code="a">Dommartin Solveig </subfield>
    <subfield code="e">(soggetto)</subfield>
    <subfield code="g">Codice Soggetto 2&#xB0; SPICS: 36321</subfield>
    <subfield code="9">47210</subfield>
  </datafield>
  <datafield tag="700" ind1=" " ind2=" ">
    <subfield code="a">Revell Graeme</subfield>
    <subfield code="e">(musica)</subfield>
    <subfield code="g">Codice Musica SPICS: 35854</subfield>
    <subfield code="9">47211</subfield>
  </datafield>
  <datafield tag="700" ind1=" " ind2=" ">
    <subfield code="a">Wenders Wim </subfield>
    <subfield code="e">(regista)</subfield>
    <subfield code="g">Codice regista SPICS: 499</subfield>
    <subfield code="9">47212</subfield>
  </datafield>
  <datafield tag="700" ind1=" " ind2=" ">
    <subfield code="a">Wenders Wim </subfield>
    <subfield code="e">(soggetto)</subfield>
    <subfield code="g">Codice Soggetto SPICS: 499</subfield>
    <subfield code="9">47213</subfield>
  </datafield>
  <datafield tag="942" ind1=" " ind2=" ">
    <subfield code="c">VH</subfield>
    <subfield code="2">ddc</subfield>
  </datafield>
  <datafield tag="999" ind1=" " ind2=" ">
    <subfield code="c">106499</subfield>
    <subfield code="d">106499</subfield>
  </datafield>
  <datafield tag="952" ind1=" " ind2=" ">
    <subfield code="0">0</subfield>
    <subfield code="1">0</subfield>
    <subfield code="4">0</subfield>
    <subfield code="6">A_7469_000000000000000</subfield>
    <subfield code="7">1</subfield>
    <subfield code="a">SPICS</subfield>
    <subfield code="b">SPICS</subfield>
    <subfield code="d">2015-01-31</subfield>
    <subfield code="l">0</subfield>
    <subfield code="o">A7469</subfield>
    <subfield code="r">2015-01-31 00:00:00</subfield>
    <subfield code="w">2015-01-31</subfield>
    <subfield code="y">VH</subfield>
    <subfield code="z">Progr. Ins.: 91 / N.Vol.:1 / Copie: 1 / Pag.:0 / Copia rara: n.d. / date import: 1.2.2015 / By Epidotti, Trombetti, Vaglietti</subfield>
  </datafield>
</record>
